| 000 | 00767nam a2200265Ia 4500 | ||
|---|---|---|---|
| 003 | OSt | ||
| 005 | 20220928112524.0 | ||
| 006 | a|||||r|||| 00| 0 | ||
| 007 | ta | ||
| 008 | 220927b |||||||| |||| 00| 0 eng d | ||
| 020 | _c18836.310000000001 | ||
| 024 | _a128624 | ||
| 037 |
_b228, 23/02/2016, Onkar Book Agency _cTextual |
||
| 040 |
_aSDCL _cSDCL _beng |
||
| 041 |
_2eng _aeng |
||
| 082 | _aE9G, Q5;6 | ||
| 100 |
_aBerg Jeremy M. _9392958 |
||
| 245 | 0 | _aBiochemistry | |
| 250 | _a8th | ||
| 260 |
_aNew York _b W. H. Freeman and Company _c2015 |
||
| 300 |
_aix-1051p _ccm. |
||
| 700 | _a Tymoczko John L. | ||
| 942 |
_hE9G, Q5;6 _cTEXL _2CC |
||
| 999 |
_c745108 _d745108 |
||